Complementarity in the line of fire : the catalysing effect of the international criminal court in Uganda and Sudan (Record no. 4088)

MARC details
000 -LEADER
fixed length control field 02986cam a2200505 i 4500
001 - CONTROL NUMBER
control field ocn824119988
003 - CONTROL NUMBER IDENTIFIER
control field OCoLC
005 - DATE AND TIME OF LATEST TRANSACTION
control field 20200522131030.0
008 - FIXED-LENGTH DATA ELEMENTS--GENERAL INFORMATION
fixed length control field 130108s2013 enkab b 001 0 eng
010 ## - LIBRARY OF CONGRESS CONTROL NUMBER
LC control number 2013000787
015 ## - NATIONAL BIBLIOGRAPHY NUMBER
National bibliography number GBB351689
Source bnb
016 7# - NATIONAL BIBLIOGRAPHIC AGENCY CONTROL NUMBER
Record control number 016418960
Source Uk
020 ## - INTERNATIONAL STANDARD BOOK NUMBER
International Standard Book Number 9781107010789
Qualifying information (hbk.)
020 ## - INTERNATIONAL STANDARD BOOK NUMBER
International Standard Book Number 1107010780
Qualifying information (hbk.)
029 1# - (OCLC)
OCLC library identifier AU@
System control number 000050387879
029 1# - (OCLC)
OCLC library identifier CHBIS
System control number 009770258
029 1# - (OCLC)
OCLC library identifier CHSLU
System control number 001124171
029 1# - (OCLC)
OCLC library identifier CHVBK
System control number 305036327
029 1# - (OCLC)
OCLC library identifier CHVBK
System control number 305286730
035 ## - SYSTEM CONTROL NUMBER
System control number (OCoLC)824119988
040 ## - CATALOGING SOURCE
Original cataloging agency DLC
Language of cataloging eng
Description conventions rda
Transcribing agency TZ-ArACH
042 ## - AUTHENTICATION CODE
Authentication code pcc
049 ## - LOCAL HOLDINGS (OCLC)
Holding library TZAA
050 00 - LIBRARY OF CONGRESS CALL NUMBER
Classification number KZ7379
Item number .N68
082 00 - DEWEY DECIMAL CLASSIFICATION NUMBER
Classification number 341/.04
Edition number 23
100 1# - MAIN ENTRY--PERSONAL NAME
Personal name Nouwen, Sarah M. H.
Relator term author.
245 10 - TITLE STATEMENT
Title Complementarity in the line of fire : the catalysing effect of the international criminal court in Uganda and Sudan
Remainder of title the catalysing effect of the international criminal court in Uganda and Sudan /
Statement of responsibility, etc Sarah M.H. Nouwen.
260 ## - PUBLICATION, DISTRIBUTION, ETC. (IMPRINT)
Place of publication, distribution, etc Cambridge, United Kingdom :
Name of publisher, distributor, etc Cambridge University Press,
Date of publication, distribution, etc 2013.
300 ## - PHYSICAL DESCRIPTION
Extent xx, 505 pages :
Other physical details illustrations, map ;
Dimensions 24 cm.
490 1# - SERIES STATEMENT
Series statement Cambridge studies in law and society
504 ## - BIBLIOGRAPHY, ETC. NOTE
Bibliography, etc Includes bibliographical references (pages 415-465) and index.
505 0# - FORMATTED CONTENTS NOTE
Formatted contents note Complementarity from the line of fire -- The Rome Statute : complementarity in its legal context -- Uganda : compromising complementarity -- Sudan : complementarity in a state of denial -- Paradoxes unravelled : explanations for complementarity's weak catalysing effect on domestic proceedings -- Complementarity in the line of fire.
520 ## - SUMMARY, ETC.
Summary, etc "Of the many expectations attending the creation of the first permanent International Criminal Court, the greatest has been that the principle of complementarity would catalyse national investigations and prosecutions of conflict-related crimes and lead to the reform of domestic justice systems. Sarah Nouwen explores whether complementarity has had such an effect in two states subject to ICC intervention: Uganda and Sudan. Drawing on extensive empirical research and combining law, legal anthropology and political economy, she unveils several effects and outlines the catalysts for them. However, she also reveals that one widely anticipated effect - an increase in domestic proceedings for conflict-related crimes - has barely occurred. This finding leads to the unravelling of paradoxes that go right to the heart of the functioning of an idealistic Court in a world of real constraints"--
520 ## - SUMMARY, ETC.
Summary, etc "This book follows as LAW"--
610 20 - SUBJECT ADDED ENTRY--CORPORATE NAME
Corporate name or jurisdiction name as entry element International Criminal Court.
610 27 - SUBJECT ADDED ENTRY--CORPORATE NAME
Corporate name or jurisdiction name as entry element International Criminal Court.
Source of heading or term fast
610 27 - SUBJECT ADDED ENTRY--CORPORATE NAME
Corporate name or jurisdiction name as entry element Internationaler Strafgerichtshof.
Source of heading or term gnd
650 #0 - SUBJECT ADDED ENTRY--TOPICAL TERM
Topical term or geographic name as entry element Complementarity (International law)
650 #7 - SUBJECT ADDED ENTRY--TOPICAL TERM
Topical term or geographic name as entry element LAW
General subdivision International.
Source of heading or term bisacsh
650 #7 - SUBJECT ADDED ENTRY--TOPICAL TERM
Topical term or geographic name as entry element Complementarity (International law)
Source of heading or term fast
651 #7 - SUBJECT ADDED ENTRY--GEOGRAPHIC NAME
Geographic name Uganda.
Source of heading or term gnd
651 #7 - SUBJECT ADDED ENTRY--GEOGRAPHIC NAME
Geographic name Sudan.
Source of heading or term gnd
830 #0 - SERIES ADDED ENTRY--UNIFORM TITLE
Uniform title Cambridge studies in law and society.
942 ## - ADDED ENTRY ELEMENTS (KOHA)
Source of classification or shelving scheme Library of Congress Classification
Koha item type Books
Holdings
Home library Current library Date acquired Full call number Barcode Koha item type
African Court on Human and Peoples' Rights Library African Court on Human and Peoples' Rights Library 06/11/2017 KZ7379 .N68 10221921 Books
African Court on Human and Peoples' Rights Library African Court on Human and Peoples' Rights Library 06/11/2017 KZ7379 .N68 10221964 Books

African Court on Human and Peoples' Rights | For Inquiries Contact » +255 272 510 510